000 00669nam a22002177a 4500
003 UA-OsUOA
001 22889
007 ta
008 20031229b un ||||| |||| 00| 0 ukr d
090 _a330(477)
_bЕ45
942 _cSA
040 _aUA-OsUOA
_bukr
_cUA-OsUOA
_dUA-OsUOA
245 _aЕкономіка України у січні-листопаді 2003 року
_bДержавний комітет статистики України
300 _aС.1,5
955 _a0
041 _aukr
080 _a330(477)
044 _aUA
773 0 _w0
_tУрядовий курє"р
_dК.
_d2003
_g25 грудня
650 7 _aЕкономіка України
_2UDC
999 _c309121
_d309121